LEADER 00885nam0 2200265 450 001 000023483 005 20090224121222.0 100 $a20090224d1997----km-y0itay50------ba 101 0 $aita 102 $aIT 105 $ay-------001yy 200 1 $a<>immigrati stranieri in Italia$equanti sono, chi sono, come vivono$fMarcello Natale, Salvatore Strozza 210 $aBari$cCacucci$d1997 215 $a507 p.$d24 cm 300 $aSeguono appendici 500 10$a<>immigrati stranieri in Italia$944692 610 1 $aImmigrati$aItalia 676 $a305.800945$v20$9Gruppi razziali, etnici, nazionali. Italia 700 1$aNatale,$bMarcello$0103528 701 1$aStrozza,$bSalvatore$0117054 801 0$aIT$bUNIPARTHENOPE$c20090224$gRICA$2UNIMARC 912 $a000023483 951 $a823/15$b8674$cNAVA2 996 $aImmigrati stranieri in Italia$944692 997 $aUNIPARTHENOPE LEADER 00996nam0-22002771i-450- 001 990000048920403321 035 $a000004892 035 $aFED01000004892 035 $a(Aleph)000004892FED01 035 $a000004892 100 $a20011111d--------km-y0itay50------ba 101 0 $aita 105 $ay-------001yy 200 1 $aRelazione sui lavori svolti dall' amministrazione del catasto e dei servizi tecnici erariali durante l'anno finanziario 1967 210 $aRoma$cIstituto poligrafico dello Stato$d1968 215 $a127 p.$cill., 3 tav. f.t.$d35 cm 676 $a333.3 710 02$aItalia.$bDirezione generale del catasto e dei servizi tecnici erariali$03444 801 0$aIT$bUNINA$gRICA$2UNIMARC 901 $aBK 912 $a990000048920403321 952 $a13 K 37 12$b205$fFINBC 959 $aFINBC 996 $aRelazione sui lavori svolti dall' amministrazione del catasto e dei servizi tecnici erariali durante l'anno finanziario 1967$9112334 997 $aUNINA DB $aING01